000 00566pam a2200193 a 4500
001 4962824
005 20240611025109.0
008 970528s1998 nyu b 001 0 eng
020 _a0333653890,
040 _aDLC
_cDLC
_dDLC
082 0 0 _a305.8
_221
245 0 0 _aEthnic diversity and public policy :
_ba comparative inquiry /
_cedited by Crawford Young.
250 _a1st.
260 _aNew York :
_bSt. Martin's Press in association with UNRISD,
_c1998.
300 _axii, 240 p. ;
650 0 _aMulticulturalism.
700 1 _aYoung, Crawford,
_eedt
942 _cL
999 _c186
_d186